以城中海岛卫星图认中国城市 Chinese cities by city sea island satellite images - Statistics

General Stats
  • This quiz has been taken 27 times
  • The average score is 8 of 15
Answer Stats
Picture Answer % Correct
厦门
86%
澳门
82%
大连
77%
舟山
73%
珠海
68%
温州
64%
海口
55%
三亚
50%
香港
50%
汕头
41%
宁波
41%
防城港
41%
台州/玉环
36%
烟台
32%
琼海
18%
No matching quizzes found
Score Distribution
Percent of People with Each Score
Percentile by Number Answered
Your Score History
You have not taken this quiz